[Event "OPEN DE MENTON 2023"]
[Site "Palais de l'europe Menton, France"]
[Date "2023.10.23"]
[Round "2.1"]
[White "Isabelle, MALASSAGNE 2097"]
[Black "Thibault, DUDOGNON 2386"]
[Result "1/2-1/2"]
[TimeControl "90'+30\"/ 40m + 30' +30\""]
[WhiteTitle "WFM"]
[BlackTitle "FM"]
[WhiteElo "2097"]
[BlackElo "2386"]

1. e4 {[%clk 01:30:57]} {[%emt 00:00:03]} c5 {[%clk 01:30:29]} {[%emt
00:00:31]} 2. Nf3 {[%clk 01:31:23]} {[%emt 00:00:05]} d6 {[%clk 01:30:51]}
{[%emt 00:00:07]} 3. Bb5+ {[%clk 01:31:49]} {[%emt 00:00:04]} Nd7 {[%clk
01:30:32]} {[%emt 00:00:49]} 4. O-O {[%clk 01:32:10]} {[%emt 00:00:10]} a6
{[%clk 01:30:19]} {[%emt 00:00:43]} 5. Be2 {[%clk 01:32:32]} {[%emt 00:00:08]}
Ngf6 {[%clk 01:29:38]} {[%emt 00:01:10]} 6. d3 {[%clk 01:32:58]} {[%emt
00:00:05]} g6 {[%clk 01:28:31]} {[%emt 00:01:36]} 7. c4 {[%clk 01:32:12]}
{[%emt 00:01:17]} Bg7 {[%clk 01:26:39]} {[%emt 00:02:22]} 8. Nc3 {[%clk
01:32:31]} {[%emt 00:00:10]} O-O {[%clk 01:25:02]} {[%emt 00:02:06]} 9. d4
{[%clk 01:32:20]} {[%emt 00:00:42]} cxd4 {[%clk 01:17:24]} {[%emt 00:08:09]} 10.
Nxd4 {[%clk 01:32:12]} {[%emt 00:00:38]} Nc5 {[%clk 01:17:03]} {[%emt
00:00:51]} 11. f3 {[%clk 01:31:17]} {[%emt 00:01:25]} Bd7 {[%clk 01:15:14]}
{[%emt 00:02:18]} 12. Be3 {[%clk 01:26:21]} {[%emt 00:05:27]} a5 {[%clk
01:13:29]} {[%emt 00:02:15]} 13. Qd2 {[%clk 01:23:08]} {[%emt 00:03:43]} a4
{[%clk 01:08:33]} {[%emt 00:05:25]} 14. Kh1 {[%clk 01:14:24]} {[%emt 00:09:15]}
Re8 {[%clk 01:04:44]} {[%emt 00:04:18]} 15. Nc2 {[%clk 01:04:58]} {[%emt
00:09:56]} Qc7 {[%clk 00:57:33]} {[%emt 00:07:42]} 16. Rac1 {[%clk 00:52:26]}
{[%emt 00:13:03]} Rec8 {[%clk 00:51:57]} {[%emt 00:06:05]} 17. Nb4 {[%clk
00:46:34]} {[%emt 00:06:23]} Be6 {[%clk 00:47:09]} {[%emt 00:05:17]} 18. Nbd5
{[%clk 00:43:47]} {[%emt 00:03:18]} Bxd5 {[%clk 00:47:21]} {[%emt 00:00:18]} 19.
exd5 {[%clk 00:42:58]} {[%emt 00:01:19]} Qa5 {[%clk 00:44:23]} {[%emt
00:03:28]} 20. Qe1 {[%clk 00:36:43]} {[%emt 00:06:46]} Nfd7 {[%clk 00:35:28]}
{[%emt 00:09:24]} 21. f4 {[%clk 00:32:20]} {[%emt 00:04:53]} Re8 {[%clk
00:28:50]} {[%emt 00:07:08]} 22. Bd2 {[%clk 00:23:07]} {[%emt 00:09:43]} Qb6
{[%clk 00:27:37]} {[%emt 00:01:43]} 23. f5 {[%clk 00:22:04]} {[%emt 00:01:33]}
Ne5 {[%clk 00:26:53]} {[%emt 00:01:14]} 24. Rb1 {[%clk 00:22:03]} {[%emt
00:00:31]} Ncd3 {[%clk 00:25:12]} {[%emt 00:22:51]} 25. Qg3 {[%clk 00:15:33]}
Nb4 {[%clk 00:16:08]} 26. Nb5 {[%clk 00:12:56]} Na6 {[%clk 00:14:13]} {[%emt
00:01:27]} 27. Be3 {[%clk 00:12:34]} {[%emt 00:00:52]} Qd8 {[%clk 00:13:34]}
{[%emt 00:01:08]} 28. Qf2 {[%clk 00:12:19]} {[%emt 00:00:45]} Rc8 {[%clk
00:12:55]} {[%emt 00:01:09]} 29. b3 {[%clk 00:10:56]} {[%emt 00:01:54]} Nc5
{[%clk 00:11:28]} {[%emt 00:01:58]} 30. Bd4 {[%clk 00:09:13]} {[%emt 00:02:13]}
Rf8 {[%clk 00:10:12]} {[%emt 00:01:46]} 31. Qe3 {[%clk 00:08:01]} {[%emt
00:01:42]} Qd7 {[%clk 00:08:59]} {[%emt 00:01:42]} 32. fxg6 {[%clk 00:05:37]}
{[%emt 00:02:54]} hxg6 {[%clk 00:09:14]} {[%emt 00:00:14]} 33. Ba1 {[%clk
00:05:23]} {[%emt 00:00:45]} axb3 {[%clk 00:09:14]} {[%emt 00:00:31]} 34. axb3
{[%clk 00:05:51]} {[%emt 00:00:02]} Na6 {[%clk 00:07:44]} {[%emt 00:02:00]} 35.
Nd4 {[%clk 00:05:48]} {[%emt 00:00:34]} Nc7 {[%clk 00:06:54]} {[%emt 00:01:19]}
36. Nf3 {[%clk 00:03:42]} {[%emt 00:02:36]} Ng4 {[%clk 00:04:39]} {[%emt
00:02:45]} 37. Qf4 {[%clk 00:02:43]} {[%emt 00:01:29]} Qf5 {[%clk 00:02:44]}
{[%emt 00:02:25]} 38. Qxf5 {[%clk 00:02:19]} {[%emt 00:00:54]} gxf5 {[%clk
00:03:10]} {[%emt 00:00:03]} 39. Bxg7 {[%clk 00:02:32]} {[%emt 00:00:17]} Kxg7
{[%clk 00:03:36]} {[%emt 00:00:05]} 40. Nd4 {[%clk 00:32:46]} {[%emt 00:00:17]}
e6 {[%clk 00:32:31]} {[%emt 00:01:34]} 41. Bxg4 {[%clk 00:27:51]} {[%emt
00:05:25]} fxg4 {[%clk 00:31:25]} {[%emt 00:01:37]} 42. Rf4 {[%clk 00:28:15]}
{[%emt 00:00:05]} e5 {[%clk 00:26:17]} {[%emt 00:05:38]} 43. Rxg4+ {[%clk
00:28:22]} {[%emt 00:00:24]} Kf6 {[%clk 00:26:42]} {[%emt 00:00:04]} 44. Rf1+
{[%clk 00:27:38]} {[%emt 00:01:14]} Ke7 {[%clk 00:27:09]} {[%emt 00:00:03]} 45.
Nf5+ {[%clk 00:28:04]} {[%emt 00:00:04]} Kd7 {[%clk 00:27:35]} {[%emt
00:00:04]} 46. Rg7 {[%clk 00:26:21]} {[%emt 00:02:13]} Ne8 {[%clk 00:22:27]}
{[%emt 00:05:38]} 47. Rh7 {[%clk 00:22:49]} {[%emt 00:04:02]} Nf6 {[%clk
00:22:46]} {[%emt 00:00:10]} 48. Rh6 {[%clk 00:22:54]} {[%emt 00:00:26]} Ne8
{[%clk 00:23:13]} {[%emt 00:00:03]} 49. Ra1 {[%clk 00:17:37]} {[%emt 00:05:46]}
Kc7 {[%clk 00:21:07]} {[%emt 00:02:36]} 50. g4 {[%clk 00:16:02]} {[%emt
00:02:05]} Rd8 {[%clk 00:18:27]} {[%emt 00:03:10]} 51. b4 {[%clk 00:14:17]}
{[%emt 00:02:16]} Rg8 {[%clk 00:17:26]} {[%emt 00:01:30]} 52. Ne3 {[%clk
00:12:50]} {[%emt 00:01:57]} Rd7 {[%clk 00:16:02]} {[%emt 00:01:55]} 53. c5
{[%clk 00:11:39]} {[%emt 00:01:41]} Rg6 {[%clk 00:09:34]} {[%emt 00:06:57]} 54.
Rh8 {[%clk 00:08:11]} {[%emt 00:03:58]} Rd8 {[%clk 00:09:58]} {[%emt 00:00:07]}
55. c6 {[%clk 00:08:08]} {[%emt 00:00:34]} bxc6 {[%clk 00:08:05]} {[%emt
00:02:22]} 56. Ra7+ {[%clk 00:05:38]} {[%emt 00:03:00]} Kb6 {[%clk 00:08:31]}
{[%emt 00:00:05]} 57. Re7 {[%clk 00:06:05]} {[%emt 00:00:02]} cxd5 {[%clk
00:08:28]} {[%emt 00:00:33]} 58. Nxd5+ {[%clk 00:05:03]} {[%emt 00:01:32]} Kc6
{[%clk 00:07:36]} {[%emt 00:01:21]} 59. Ne3 {[%clk 00:05:13]} {[%emt 00:00:21]}
Re6 {[%clk 00:08:03]} {[%emt 00:00:04]} 60. Rxf7 {[%clk 00:04:57]} {[%emt
00:00:46]} d5 {[%clk 00:08:13]} {[%emt 00:00:20]} 61. g5 {[%clk 00:04:55]}
{[%emt 00:00:31]} d4 {[%clk 00:08:03]} {[%emt 00:00:40]} 62. Nd1 {[%clk
00:04:33]} {[%emt 00:00:52]} e4 {[%clk 00:06:08]} {[%emt 00:02:25]} 63. Rh6
{[%clk 00:04:48]} {[%emt 00:00:14]} Rdd6 {[%clk 00:06:35]} {[%emt 00:00:04]} 64.
Rxe6 {[%clk 00:02:45]} {[%emt 00:02:34]} Rxe6 {[%clk 00:07:01]} {[%emt
00:00:03]} 65. Rf1 {[%clk 00:02:40]} {[%emt 00:00:35]} e3 {[%clk 00:06:27]}
{[%emt 00:01:04]} 66. Re1 {[%clk 00:02:56]} {[%emt 00:00:14]} Kd5 {[%clk
00:04:12]} {[%emt 00:02:46]} 67. Kg2 {[%clk 00:03:24]} {[%emt 00:00:01]} Ke4
{[%clk 00:04:24]} {[%emt 00:00:17]} 68. Nf2+ {[%clk 00:02:50]} {[%emt
00:01:04]} Kf4 {[%clk 00:04:38]} {[%emt 00:00:16]} 69. h4 {[%clk 00:02:05]}
{[%emt 00:01:16]} e2 {[%clk 00:03:33]} {[%emt 00:01:35]} 70. h5 {[%clk
00:01:34]} {[%emt 00:01:01]} Kxg5 {[%clk 00:02:32]} {[%emt 00:01:31]} 71. Nd3
{[%clk 00:02:03]} {[%emt 00:00:01]} Re3 {[%clk 00:02:38]} {[%emt 00:00:24]} 72.
Nc1 {[%clk 00:02:29]} {[%emt 00:00:05]} d3 {[%clk 00:02:41]} {[%emt 00:00:27]}
73. Nxd3 {[%clk 00:02:53]} {[%emt 00:00:06]} Rxd3 {[%clk 00:03:06]} {[%emt
00:00:04]} 74. Rxe2 {[%clk 00:03:20]} {[%emt 00:00:03]} Nf6 {[%clk 00:03:25]}
{[%emt 00:00:11]} 75. h6 {[%clk 00:02:54]} {[%emt 00:00:56]} Kxh6 {[%clk
00:03:47]} {[%emt 00:00:07]} 76. Re5 {[%clk 00:03:10]} {[%emt 00:00:14]} Rb3
{[%clk 00:04:05]} {[%emt 00:00:11]} 77. b5 {[%clk 00:03:38]} {[%emt 00:00:03]}
Kg6 {[%clk 00:04:29]} {[%emt 00:00:07]} 78. b6 {[%clk 00:02:56]} {[%emt
00:01:13]} Rxb6 {[%clk 00:04:42]} {[%emt 00:00:16]} 79. Ra5 {[%clk 00:03:25]}
{[%emt 00:00:02]} Rb3 {[%clk 00:04:56]} {[%emt 00:00:15]} 80. Kf2 {[%clk
00:03:50]} {[%emt 00:00:05]} Kf7 {[%clk 00:05:03]} {[%emt 00:00:23]} 81. Ra6
{[%clk 00:04:11]} {[%emt 00:00:09]} Ne4+ {[%clk 00:04:58]} {[%emt 00:00:35]} 82.
Ke2 {[%clk 00:04:34]} {[%emt 00:00:08]} Nc5 {[%clk 00:05:24]} {[%emt 00:00:04]}
83. Ra5 {[%clk 00:04:36]} {[%emt 00:00:28]} Ne6 {[%clk 00:05:43]} {[%emt
00:00:10]} 84. Kf2 {[%clk 00:04:57]} {[%emt 00:00:10]} Kf6 {[%clk 00:06:08]}
{[%emt 00:00:04]} 85. Ke2 {[%clk 00:05:17]} {[%emt 00:00:10]} Nf4+ {[%clk
00:06:28]} {[%emt 00:00:10]} 86. Kd2 {[%clk 00:04:39]} {[%emt 00:01:09]} Ke6
{[%clk 00:06:52]} {[%emt 00:00:05]} 87. Kc2 {[%clk 00:04:50]} {[%emt 00:00:19]}
Rh3 {[%clk 00:07:15]} {[%emt 00:00:06]} 88. Kd2 {[%clk 00:04:52]} {[%emt
00:00:29]} Nd5 {[%clk 00:07:40]} {[%emt 00:00:05]} 89. Ke2 {[%clk 00:05:07]}
{[%emt 00:00:15]} Ke5 {[%clk 00:07:58]} {[%emt 00:00:11]} 90. Ra8 {[%clk
00:05:33]} {[%emt 00:00:04]} Nf6 {[%clk 00:07:45]} {[%emt 00:00:43]} 91. Kd2
{[%clk 00:05:19]} {[%emt 00:00:45]} Ne4+ {[%clk 00:07:34]} {[%emt 00:00:40]} 92.
Ke2 {[%clk 00:05:15]} {[%emt 00:00:35]} Nd6 {[%clk 00:07:42]} {[%emt 00:00:22]}
93. Ra4 {[%clk 00:03:09]} {[%emt 00:02:36]} Rb3 {[%clk 00:08:01]} {[%emt
00:00:11]} 94. Ra8 {[%clk 00:02:59]} {[%emt 00:00:40]} Kf4 {[%clk 00:08:00]}
{[%emt 00:00:31]} 95. Ra4+ {[%clk 00:02:44]} {[%emt 00:00:45]} Ne4 {[%clk
00:08:25]} {[%emt 00:00:05]} 96. Ra8 {[%clk 00:03:10]} {[%emt 00:00:04]} Re3+
{[%clk 00:08:11]} {[%emt 00:00:44]} 97. Kd1 {[%clk 00:03:39]} {[%emt 00:00:01]}
Rc3 {[%clk 00:08:33]} {[%emt 00:00:07]} 98. Ke2 {[%clk 00:02:38]} {[%emt
00:01:32]} Nd6 {[%clk 00:08:22]} {[%emt 00:00:41]} 99. Rd8 {[%clk 00:02:04]}
{[%emt 00:01:05]} Nc4 {[%clk 00:07:53]} {[%emt 00:00:58]} 100. Rf8+ {[%clk
00:02:25]} {[%emt 00:00:09]} Ke4 {[%clk 00:08:19]} {[%emt 00:00:05]} 101. Re8+
{[%clk 00:02:52]} {[%emt 00:00:03]} Ne5 {[%clk 00:08:40]} {[%emt 00:00:08]} 102.
Kd2 {[%clk 00:03:12]} {[%emt 00:00:10]} Rc7 {[%clk 00:08:57]} {[%emt 00:00:12]}
103. Re6 {[%clk 00:01:51]} {[%emt 00:01:51]} Rc8 {[%clk 00:08:50]} {[%emt
00:00:38]} 104. Ra6 {[%clk 00:01:12]} {[%emt 00:01:10]} Nf3+ {[%clk 00:08:58]}
{[%emt 00:00:21]} 105. Kd1 {[%clk 00:01:05]} {[%emt 00:00:37]} Nd4 {[%clk
00:09:15]} {[%emt 00:00:13]} 106. Ra7 {[%clk 00:00:58]} {[%emt 00:00:37]} Rc2
{[%clk 00:08:25]} {[%emt 00:01:20]} 107. Ra8 {[%clk 00:01:27]} {[%emt
00:00:02]} Rg2 {[%clk 00:08:30]} {[%emt 00:00:24]} 108. Kc1 {[%clk 00:01:19]}
{[%emt 00:00:39]} Kd3 {[%clk 00:07:43]} {[%emt 00:01:16]} 109. Ra3+ {[%clk
00:01:40]} {[%emt 00:00:09]} Kc4 {[%clk 00:07:51]} {[%emt 00:00:22]} 110. Rh3
{[%clk 00:00:52]} {[%emt 00:01:18]} Ne2+ {[%clk 00:07:17]} {[%emt 00:01:04]}
111. Kd1 {[%clk 00:01:07]} {[%emt 00:00:16]} Nf4 {[%clk 00:07:34]} {[%emt
00:00:12]} 112. Rh8 {[%clk 00:01:14]} {[%emt 00:00:24]} Nd5 {[%clk 00:07:25]}
{[%emt 00:00:39]} 113. Ke1 {[%clk 00:00:55]} {[%emt 00:00:49]} Kd3 {[%clk
00:07:38]} {[%emt 00:00:16]} 114. Rd8 {[%clk 00:01:06]} {[%emt 00:00:19]} Ke4
{[%clk 00:07:21]} {[%emt 00:00:46]} 115. Re8+ {[%clk 00:01:21]} {[%emt
00:00:16]} Kd4 {[%clk 00:07:45]} {[%emt 00:00:06]} 116. Rd8 {[%clk 00:01:32]}
{[%emt 00:00:19]} Ra2 {[%clk 00:07:58]} {[%emt 00:00:16]} 117. Kf1 {[%clk
00:01:45]} {[%emt 00:00:18]} Ke4 {[%clk 00:08:21]} {[%emt 00:00:07]} 118. Re8+
{[%clk 00:01:46]} {[%emt 00:00:29]} Kf3 {[%clk 00:08:40]} {[%emt 00:00:09]} 119.
Ke1 {[%clk 00:01:30]} {[%emt 00:01:05]} Nc3 {[%clk 00:08:28]} {[%emt 00:00:42]}
120. Rf8+ {[%clk 00:01:44]} {[%emt 00:00:17]} Ke3 {[%clk 00:08:53]} {[%emt
00:00:05]} 121. Re8+ {[%clk 00:02:10]} {[%emt 00:00:04]} Ne4 {[%clk 00:09:13]}
{[%emt 00:00:09]} 122. Kd1 {[%clk 00:02:22]} {[%emt 00:00:19]} Rh2 {[%clk
00:08:53]} {[%emt 00:00:50]} 123. Kc1 {[%clk 00:02:40]} {[%emt 00:00:12]} Kd4
{[%clk 00:08:50]} {[%emt 00:00:33]} 124. Rd8+ {[%clk 00:02:59]} {[%emt
00:00:12]} Kc4 {[%clk 00:09:11]} {[%emt 00:00:08]} 125. Rc8+ {[%clk 00:03:17]}
{[%emt 00:00:12]} Nc5 {[%clk 00:09:36]} {[%emt 00:00:04]} 126. Kd1 {[%clk
00:03:42]} {[%emt 00:00:06]} Kd3 {[%clk 00:09:54]} {[%emt 00:00:12]} 127. Rd8+
{[%clk 00:04:09]} {[%emt 00:00:04]} Ke3 {[%clk 00:10:15]} {[%emt 00:00:06]} 128.
Re8+ {[%clk 00:04:36]} {[%emt 00:00:05]} 1/2-1/2

[Event "OPEN DE MENTON 2023"]
[Site "Palais de l'europe Menton, France"]
[Date "2023.10.23"]
[Round "2.2"]
[White "Yannis, AUBRY 2254"]
[Black "Pierre, THEON 2095"]
[Result "1-0"]
[TimeControl "90'+30\"/ 40m + 30' +30\""]
[WhiteElo "2254"]
[BlackElo "2095"]

1. e4 {[%clk 01:22:18]} {[%emt 00:08:41]} c6 {[%clk 01:30:40]} {[%emt
00:00:20]} 2. d4 {[%clk 01:22:37]} {[%emt 00:00:11]} d5 {[%clk 01:31:07]}
{[%emt 00:00:04]} 3. e5 {[%clk 01:22:49]} {[%emt 00:00:17]} c5 {[%clk
01:31:32]} {[%emt 00:00:05]} 4. c3 {[%clk 01:22:58]} {[%emt 00:00:20]} cxd4
{[%clk 01:31:16]} {[%emt 00:00:46]} 5. cxd4 {[%clk 01:23:16]} {[%emt 00:00:13]}
Nc6 {[%clk 01:31:42]} {[%emt 00:00:04]} 6. Be2 {[%clk 01:23:30]} {[%emt
00:00:15]} Bf5 {[%clk 01:25:35]} {[%emt 00:06:37]} 7. Nf3 {[%clk 01:23:38]}
{[%emt 00:00:22]} e6 {[%clk 01:25:31]} {[%emt 00:00:34]} 8. O-O {[%clk
01:23:49]} {[%emt 00:00:19]} Nge7 {[%clk 01:12:19]} {[%emt 00:13:43]} 9. Nc3
{[%clk 01:21:54]} {[%emt 00:02:24]} Bg4 {[%clk 01:08:55]} {[%emt 00:03:54]} 10.
Ne1 {[%clk 01:18:50]} {[%emt 00:03:34]} Bxe2 {[%clk 01:09:10]} {[%emt
00:00:15]} 11. Nxe2 {[%clk 01:19:13]} {[%emt 00:00:06]} Qb6 {[%clk 01:06:43]}
{[%emt 00:02:58]} 12. Nc2 {[%clk 01:09:19]} {[%emt 00:10:24]} h5 {[%clk
01:03:21]} {[%emt 00:03:52]} 13. Ne3 {[%clk 01:04:40]} {[%emt 00:05:09]} g6
{[%clk 01:01:56]} {[%emt 00:01:55]} 14. a3 {[%clk 01:05:04]} {[%emt 00:00:06]}
Nf5 {[%clk 00:52:50]} {[%emt 00:09:36]} 15. Nxf5 {[%clk 01:05:27]} {[%emt
00:00:07]} gxf5 {[%clk 00:53:11]} {[%emt 00:00:08]} 16. b4 {[%clk 00:57:09]}
{[%emt 00:08:49]} Be7 {[%clk 00:51:19]} {[%emt 00:02:22]} 17. Be3 {[%clk
00:56:09]} {[%emt 00:01:29]} h4 {[%clk 00:49:58]} {[%emt 00:01:51]} 18. Qd3
{[%clk 00:55:02]} {[%emt 00:01:37]} Kd7 {[%clk 00:49:52]} {[%emt 00:00:37]} 19.
Rfc1 {[%clk 00:47:33]} {[%emt 00:07:58]} a6 {[%clk 00:45:31]} {[%emt 00:04:51]}
20. Nc3 {[%clk 00:47:10]} {[%emt 00:00:53]} Rag8 {[%clk 00:39:56]} {[%emt
00:06:05]} 21. b5 {[%clk 00:33:09]} {[%emt 00:14:31]} Na5 {[%clk 00:36:02]}
{[%emt 00:04:24]} 22. a4 {[%clk 00:16:48]} {[%emt 00:16:52]} Nc4 {[%clk
00:14:11]} {[%emt 00:28:34]} 23. a5 {[%clk 00:17:12]} Qd8 {[%clk 00:14:31]} 24.
bxa6 bxa6 {[%clk 00:14:56]} 25. Na4 {[%clk 00:15:08]} Qf8 {[%clk 00:07:34]}
{[%emt 00:05:03]} 26. Nb6+ {[%clk 00:14:16]} {[%emt 00:01:24]} Ke8 {[%clk
00:08:02]} {[%emt 00:00:02]} 27. Rxc4 {[%clk 00:13:17]} {[%emt 00:01:29]} dxc4
{[%clk 00:07:24]} {[%emt 00:01:08]} 28. Qxc4 {[%clk 00:13:36]} {[%emt
00:00:11]} f6 {[%clk 00:07:08]} {[%emt 00:00:45]} 29. Qxe6 {[%clk 00:13:19]}
{[%emt 00:00:47]} Qg7 {[%clk 00:06:19]} {[%emt 00:01:19]} 30. Qd5 {[%clk
00:11:21]} {[%emt 00:02:28]} Bd8 {[%clk 00:02:42]} {[%emt 00:04:07]} 31. Rc1
{[%clk 00:11:36]} {[%emt 00:00:15]} Qe7 {[%clk 00:02:26]} {[%emt 00:00:46]} 32.
Rc8 {[%clk 00:10:24]} {[%emt 00:01:42]} Rg7 {[%clk 00:02:35]} {[%emt 00:00:21]}
33. e6 {[%clk 00:09:20]} {[%emt 00:01:34]} Rhh7 {[%clk 00:02:12]} {[%emt
00:00:53]} 34. Bf4 {[%clk 00:09:16]} {[%emt 00:00:34]} 1-0

[Event "OPEN DE MENTON 2023"]
[Site "Palais de l'europe Menton, France"]
[Date "2023.10.23"]
[Round "2.3"]
[White "Louis, AURIBAULT 2089"]
[Black "Sten, GOES 2225"]
[Result "1-0"]
[TimeControl "90'+30\"/ 40m + 30' +30\""]
[WhiteElo "2089"]
[BlackElo "2225"]

1. e4 {[%clk 01:30:56]} {[%emt 00:00:04]} c5 {[%clk 01:30:58]} {[%emt
00:00:02]} 2. c3 {[%clk 01:31:13]} {[%emt 00:00:13]} Nf6 {[%clk 01:31:09]}
{[%emt 00:00:19]} 3. e5 {[%clk 01:31:26]} {[%emt 00:00:17]} Nd5 {[%clk
01:31:32]} {[%emt 00:00:07]} 4. Nf3 {[%clk 01:31:19]} {[%emt 00:00:36]} Nc6
{[%clk 01:31:16]} {[%emt 00:00:46]} 5. Bc4 {[%clk 01:31:06]} {[%emt 00:00:43]}
Nb6 {[%clk 01:31:26]} {[%emt 00:00:20]} 6. Bb3 {[%clk 01:31:22]} {[%emt
00:00:15]} d5 {[%clk 01:31:18]} {[%emt 00:00:38]} 7. exd6 {[%clk 01:30:57]}
{[%emt 00:00:55]} Qxd6 {[%clk 01:31:27]} {[%emt 00:00:20]} 8. O-O {[%clk
01:30:25]} Be6 {[%clk 01:30:23]} {[%emt 00:02:36]} 9. Bxe6 {[%clk 01:29:59]}
Qxe6 {[%clk 01:30:23]} 10. a4 {[%clk 01:29:59]} Qd7 {[%clk 01:30:23]} 11. a5
{[%clk 01:29:59]} Nd5 {[%clk 01:30:23]} 12. a6 {[%clk 01:29:59]} b6 {[%clk
01:30:23]} 13. d4 {[%clk 01:29:59]} e6 {[%clk 01:30:23]} 14. Na3 {[%clk
01:29:59]} cxd4 {[%clk 01:30:23]} 15. Nxd4 {[%clk 01:29:59]} Be7 {[%clk
01:07:37]} {[%emt 00:45:47]} 16. Nab5 {[%clk 01:08:47]} {[%emt 00:06:08]} Nxd4
{[%clk 00:50:48]} {[%emt 00:17:19]} 17. Nxd4 {[%clk 01:09:01]} {[%emt
00:00:16]} O-O {[%clk 00:48:33]} {[%emt 00:02:44]} 18. Qe2 {[%clk 01:04:42]}
{[%emt 00:04:49]} Bf6 {[%clk 00:43:21]} {[%emt 00:05:43]} 19. Rd1 {[%clk
00:57:50]} {[%emt 00:07:22]} Rfc8 {[%clk 00:27:31]} {[%emt 00:16:19]} 20. h3
{[%clk 00:36:22]} {[%emt 00:21:58]} Qe7 {[%clk 00:07:54]} {[%emt 00:41:45]} 21.
Ra4 {[%clk 00:32:30]} Rc5 {[%clk 00:04:48]} 22. Nb3 {[%clk 00:29:26]} Rcc8
{[%clk 00:03:42]} 23. Re4 {[%clk 00:28:40]} Qc7 {[%clk 00:03:26]} 24. Bd2
{[%clk 00:16:27]} {[%emt 00:06:15]} b5 {[%clk 00:02:32]} {[%emt 00:01:24]} 25.
Ra1 {[%clk 00:13:40]} {[%emt 00:03:17]} Qb6 {[%clk 00:02:24]} {[%emt 00:00:38]}
26. Be3 {[%clk 00:12:50]} {[%emt 00:01:20]} Nxe3 {[%clk 00:02:11]} {[%emt
00:00:43]} 27. Qxe3 {[%clk 00:13:19]} {[%emt 00:00:01]} Qxe3 {[%clk 00:02:10]}
{[%emt 00:00:31]} 28. fxe3 {[%clk 00:13:48]} {[%emt 00:00:01]} Rab8 {[%clk
00:02:18]} {[%emt 00:00:22]} 29. Na5 {[%clk 00:07:38]} {[%emt 00:06:40]} Rb6
{[%clk 00:02:10]} {[%emt 00:00:37]} 30. Rb4 {[%clk 00:07:22]} {[%emt 00:00:46]}
Be7 {[%clk 00:01:48]} {[%emt 00:00:52]} 31. Rb3 {[%clk 00:07:50]} {[%emt
00:00:02]} Bc5 {[%clk 00:01:38]} {[%emt 00:00:40]} 32. Kf2 {[%clk 00:07:58]}
{[%emt 00:00:21]} Rxa6 {[%clk 00:01:17]} {[%emt 00:00:51]} 33. Rxb5 {[%clk
00:08:21]} {[%emt 00:00:07]} Rd8 {[%clk 00:00:50]} {[%emt 00:00:58]} 34. Rxc5
{[%emt 00:00:40]} 1-0